|
|
|
|
| LEADER |
00000nam0a2200000 4500 |
| 001 |
11858 |
| 005 |
20231030183947.0 |
| 010 |
|
|
|a 5060034755
|
| 035 |
|
|
|a (RuTPU)RU\TPU\book\11932
|
| 035 |
|
|
|a BOOK00011998
|
| 090 |
|
|
|a 11858
|
| 100 |
|
|
|a 20011209d1999 m y0rusy50 ca
|
| 101 |
0 |
|
|a rus
|
| 102 |
|
|
|a RU
|
| 105 |
|
|
|a y j 000zy
|
| 200 |
1 |
|
|a Культурология
|e учебник для студентов технических вузов
|f Под ред. Н. Г. Багдасарьян
|
| 210 |
|
|
|a Москва
|c Высшая школа
|d 1999
|
| 215 |
|
|
|a 511 с.
|
| 451 |
|
1 |
|0 (RuTPU)RU\TPU\book\92843
|y 5-06-003475-5
|t Культурология
|o учебник для студентов техн. вузов
|f [Н. Г. Багдасарьян, А. В. Литвинцева, И. Е. Чучайкина и др.]
|g Под ред. Н. Г. Багдасарьян
|e 5-е изд., испр. и доп.
|c М.
|n Высшая школа
|d 2004
|p 709 с.
|
| 451 |
|
1 |
|0 (RuTPU)RU\TPU\book\7649
|y 5060034755
|t Культурология
|o учебник для студентов технических вузов
|f Под ред. Н. Г. Багдасарьян
|c М.
|n Высшая школа
|d 1998
|p 511 с.
|
| 610 |
1 |
|
|a культура
|
| 610 |
1 |
|
|a культурология
|
| 610 |
1 |
|
|a учебные пособия
|
| 686 |
|
|
|a Ч111я73
|v LBC/SL-A
|2 rubbk
|
| 702 |
|
1 |
|a Багдасарьян
|b Н. Г.
|g Надежда Гегамовна
|4 340
|
| 801 |
|
0 |
|a RU
|b 63413507
|c 20011209
|g PSBO
|
| 801 |
|
2 |
|a RU
|b 63413507
|c 20220530
|g PSBO
|
| 900 |
|
|
|a Культурология
|
| 942 |
|
|
|c BK
|